<?xml version="1.0" encoding="UTF-8"?>
<collection xmlns="http://www.loc.gov/MARC21/slim">
 <record>
  <leader>02693cam a2200589   4500</leader>
  <controlfield tag="001">1385886366</controlfield>
  <controlfield tag="003">DE-627</controlfield>
  <controlfield tag="005">20220714180426.0</controlfield>
  <controlfield tag="007">cr cn 008aaaaa</controlfield>
  <controlfield tag="008">100115s1888    xx |||||o     00| ||ger c</controlfield>
  <datafield tag="024" ind1="7" ind2=" ">
   <subfield code="a">urn:nbn:de:bsz:16-diglit-39757</subfield>
   <subfield code="2">urn</subfield>
  </datafield>
  <datafield tag="024" ind1="7" ind2=" ">
   <subfield code="a">10.11588/diglit.3975</subfield>
   <subfield code="2">doi</subfield>
  </datafield>
  <datafield tag="035" ind1=" " ind2=" ">
   <subfield code="a">(DE-627)1385886366</subfield>
  </datafield>
  <datafield tag="035" ind1=" " ind2=" ">
   <subfield code="a">(DE-576)315886366</subfield>
  </datafield>
  <datafield tag="035" ind1=" " ind2=" ">
   <subfield code="a">(DE-599)BSZ315886366</subfield>
  </datafield>
  <datafield tag="035" ind1=" " ind2=" ">
   <subfield code="a">(OCoLC)699137204</subfield>
  </datafield>
  <datafield tag="040" ind1=" " ind2=" ">
   <subfield code="a">DE-627</subfield>
   <subfield code="b">ger</subfield>
   <subfield code="c">DE-627</subfield>
   <subfield code="e">rakwb</subfield>
  </datafield>
  <datafield tag="041" ind1=" " ind2=" ">
   <subfield code="a">ger</subfield>
  </datafield>
  <datafield tag="084" ind1=" " ind2=" ">
   <subfield code="a">9,10</subfield>
   <subfield code="2">ssgn</subfield>
  </datafield>
  <datafield tag="100" ind1="1" ind2=" ">
   <subfield code="a">Zangemeister, Karl</subfield>
   <subfield code="d">1837-1902</subfield>
   <subfield code="0">(DE-588)116964022</subfield>
   <subfield code="0">(DE-627)133851982</subfield>
   <subfield code="0">(DE-576)216784913</subfield>
   <subfield code="4">aut</subfield>
  </datafield>
  <datafield tag="245" ind1="1" ind2="0">
   <subfield code="a">Zur Geschichte der grossen Heidelberger, sog. Manessischen Liederhandschrift</subfield>
   <subfield code="c">von Karl Zangemeister</subfield>
  </datafield>
  <datafield tag="264" ind1=" " ind2="1">
   <subfield code="a">Trier</subfield>
   <subfield code="b">Linz</subfield>
   <subfield code="c">1888</subfield>
  </datafield>
  <datafield tag="300" ind1=" " ind2=" ">
   <subfield code="a">S. 326 - 371</subfield>
  </datafield>
  <datafield tag="336" ind1=" " ind2=" ">
   <subfield code="a">Text</subfield>
   <subfield code="b">txt</subfield>
   <subfield code="2">rdacontent</subfield>
  </datafield>
  <datafield tag="337" ind1=" " ind2=" ">
   <subfield code="a">Computermedien</subfield>
   <subfield code="b">c</subfield>
   <subfield code="2">rdamedia</subfield>
  </datafield>
  <datafield tag="338" ind1=" " ind2=" ">
   <subfield code="a">Online-Ressource</subfield>
   <subfield code="b">cr</subfield>
   <subfield code="2">rdacarrier</subfield>
  </datafield>
  <datafield tag="500" ind1=" " ind2=" ">
   <subfield code="a">Aus: Westdeutsche Zeitschrift für Geschichte und Kunst ; 7.1888</subfield>
  </datafield>
  <datafield tag="533" ind1=" " ind2=" ">
   <subfield code="a">Online-Ausg.</subfield>
   <subfield code="b">Heidelberg</subfield>
   <subfield code="c">Univ.-Bibl.</subfield>
   <subfield code="d">2010</subfield>
   <subfield code="e">Online-Ressource</subfield>
   <subfield code="f">Heidelberger historische Bestände - digital</subfield>
   <subfield code="7">|2010||||||||||</subfield>
  </datafield>
  <datafield tag="583" ind1="1" ind2=" ">
   <subfield code="a">Archivierung/Langzeitarchivierung gewährleistet</subfield>
   <subfield code="2">pdager</subfield>
   <subfield code="5">DE-16</subfield>
  </datafield>
  <datafield tag="689" ind1="0" ind2="0">
   <subfield code="d">u</subfield>
   <subfield code="0">(DE-588)4135049-2</subfield>
   <subfield code="0">(DE-627)104589094</subfield>
   <subfield code="0">(DE-576)209657456</subfield>
   <subfield code="a">Manessische Handschrift</subfield>
   <subfield code="2">gnd</subfield>
  </datafield>
  <datafield tag="689" ind1="0" ind2="1">
   <subfield code="a">z</subfield>
   <subfield code="2">gnd</subfield>
   <subfield code="a">Geschichte</subfield>
  </datafield>
  <datafield tag="689" ind1="0" ind2=" ">
   <subfield code="5">(DE-627)</subfield>
  </datafield>
  <datafield tag="689" ind1="1" ind2="0">
   <subfield code="d">g</subfield>
   <subfield code="0">(DE-588)4023996-2</subfield>
   <subfield code="0">(DE-627)106300814</subfield>
   <subfield code="0">(DE-576)208952578</subfield>
   <subfield code="a">Heidelberg</subfield>
   <subfield code="2">gnd</subfield>
  </datafield>
  <datafield tag="689" ind1="1" ind2="1">
   <subfield code="d">s</subfield>
   <subfield code="0">(DE-588)4133334-2</subfield>
   <subfield code="0">(DE-627)10568094X</subfield>
   <subfield code="0">(DE-576)209643056</subfield>
   <subfield code="a">Universitätsbibliothek</subfield>
   <subfield code="2">gnd</subfield>
  </datafield>
  <datafield tag="689" ind1="1" ind2="2">
   <subfield code="d">s</subfield>
   <subfield code="0">(DE-588)4120472-4</subfield>
   <subfield code="0">(DE-627)105776262</subfield>
   <subfield code="0">(DE-576)209535407</subfield>
   <subfield code="a">Illuminierte Handschrift</subfield>
   <subfield code="2">gnd</subfield>
  </datafield>
  <datafield tag="689" ind1="1" ind2="3">
   <subfield code="d">s</subfield>
   <subfield code="0">(DE-588)4135322-5</subfield>
   <subfield code="0">(DE-627)105665932</subfield>
   <subfield code="0">(DE-576)209659750</subfield>
   <subfield code="a">Liederhandschrift</subfield>
   <subfield code="2">gnd</subfield>
  </datafield>
  <datafield tag="689" ind1="1" ind2="4">
   <subfield code="a">z</subfield>
   <subfield code="2">gnd</subfield>
   <subfield code="a">Geschichte 1300-1340</subfield>
  </datafield>
  <datafield tag="689" ind1="1" ind2=" ">
   <subfield code="5">(DE-627)</subfield>
  </datafield>
  <datafield tag="776" ind1="0" ind2="8">
   <subfield code="i">Druckausg.</subfield>
   <subfield code="a">Zangemeister, Karl, 1837 - 1902</subfield>
   <subfield code="t">Zur Geschichte der grossen Heidelberger, sog. Manessischen Liederhandschrift</subfield>
   <subfield code="d">Trier : Linz, 1888</subfield>
   <subfield code="h">S. 326 - 371</subfield>
   <subfield code="w">(DE-627)1134338406</subfield>
   <subfield code="w">(DE-576)064338401</subfield>
  </datafield>
  <datafield tag="856" ind1="4" ind2="0">
   <subfield code="u">https://doi.org/10.11588/diglit.3975</subfield>
   <subfield code="x">Resolving-System</subfield>
   <subfield code="x">Digitalisierung</subfield>
   <subfield code="x">Langzeitarchivierung</subfield>
   <subfield code="z">kostenfrei</subfield>
   <subfield code="3">Volltext</subfield>
  </datafield>
  <datafield tag="856" ind1="4" ind2="0">
   <subfield code="u">http://digi.ub.uni-heidelberg.de/diglit/zangemeister1888</subfield>
   <subfield code="x">Digitalisierung</subfield>
   <subfield code="x">Langzeitarchivierung</subfield>
   <subfield code="z">kostenfrei</subfield>
   <subfield code="3">Volltext</subfield>
  </datafield>
  <datafield tag="935" ind1=" " ind2=" ">
   <subfield code="c">so</subfield>
  </datafield>
  <datafield tag="935" ind1=" " ind2=" ">
   <subfield code="h">SWB</subfield>
   <subfield code="i">ld</subfield>
  </datafield>
  <datafield tag="951" ind1=" " ind2=" ">
   <subfield code="a">BO</subfield>
  </datafield>
  <datafield tag="990" ind1=" " ind2=" ">
   <subfield code="a">Manessische Handschrift</subfield>
  </datafield>
  <datafield tag="990" ind1=" " ind2=" ">
   <subfield code="a">Geschichte</subfield>
  </datafield>
  <datafield tag="990" ind1=" " ind2=" ">
   <subfield code="a">Heidelberg</subfield>
  </datafield>
  <datafield tag="990" ind1=" " ind2=" ">
   <subfield code="a">Universitätsbibliothek</subfield>
  </datafield>
  <datafield tag="990" ind1=" " ind2=" ">
   <subfield code="a">Illuminierte Handschrift</subfield>
  </datafield>
  <datafield tag="990" ind1=" " ind2=" ">
   <subfield code="a">Liederhandschrift</subfield>
  </datafield>
  <datafield tag="990" ind1=" " ind2=" ">
   <subfield code="a">Geschichte 1300-1340</subfield>
  </datafield>
  <datafield tag="999" ind1=" " ind2=" ">
   <subfield code="a">KXP-PPN1385886366</subfield>
   <subfield code="e">2950629318</subfield>
  </datafield>
 </record>
</collection>
